Художественный образ в сценографии
Книга является учебным пособием для студентов, изучающих мастерство театральной режиссуры и режиссуры театрализованных представлений и призвана помочь молодым режиссерам в работе с художником. Она может быть также полезна всем, кто интересуется театром, изобразительным искусством. В ней изложены ос...
Na minha lista:
| Autor principal: | |
|---|---|
| Formato: | Книга |
| Idioma: | Russian |
| Publicado em: |
Санкт-Петербург
Планета музыки
2022
|
| Edição: | 8-е изд., стер. |
| Assuntos: | |
| Acesso em linha: | https://e.lanbook.com/book/215708 https://e.lanbook.com/img/cover/book/215708.jpg |
| Tags: |
Adicionar Tag
Sem tags, seja o primeiro a adicionar uma tag!
|
| LEADER | 02879nam0a2200397 i 4500 | ||
|---|---|---|---|
| 001 | 215708 | ||
| 003 | RuSpLAN | ||
| 005 | 20221220174149.0 | ||
| 008 | 221220s2022 ru gs 000 0 rus | ||
| 020 | |a 978-5-507-44022-1 | ||
| 040 | |a RuSpLAN | ||
| 041 | 0 | |a rus | |
| 044 | |a ru | ||
| 080 | |a 85.33 | ||
| 084 | |a 792 |2 rubbk | ||
| 245 | 0 | 0 | |a Художественный образ в сценографии |c Санникова Л. И. |
| 250 | |a 8-е изд., стер. | ||
| 260 | |a Санкт-Петербург |b Планета музыки |c 2022 | ||
| 300 | |a 144 с. | ||
| 504 | |a Библиогр.: доступна в карточке книги, на сайте ЭБС Лань | ||
| 520 | 8 | |a Книга является учебным пособием для студентов, изучающих мастерство театральной режиссуры и режиссуры театрализованных представлений и призвана помочь молодым режиссерам в работе с художником. Она может быть также полезна всем, кто интересуется театром, изобразительным искусством. В ней изложены особенности художественного образа в сценографии и многие его составляющие, основа теории композиции, выразительная работа цвета, весовые характеристики сцены, художественная работа света на сцене и сценический костюм. The book is a study guide for the students, studying the profession of a theatre director and directing of theatrical performances. It is intended for helping young directors in their work with artists. The textbook can also be useful for all, who are interested in theatre and fine art. The book contains the information on the peculiarities of an artistic image in scenography and its components, the basis of the theory of composition, expressive work of colour, weight characteristics of a stage, artistic light work on a stage and stage outfit | |
| 521 | 8 | |a Книга из коллекции Планета музыки - Музыка и театр | |
| 653 | 0 | |a Театр | |
| 653 | 0 | |a актер | |
| 653 | 0 | |a режиссер | |
| 653 | 0 | |a художественный образ | |
| 653 | 0 | |a сценография | |
| 653 | 0 | |a сцена | |
| 653 | 0 | |a сценарист | |
| 653 | 0 | |a спектакль | |
| 653 | 0 | |a роль | |
| 653 | 0 | |a сценическое искусство | |
| 100 | 1 | |a Санникова Л. И. | |
| 856 | 4 | |u https://e.lanbook.com/book/215708 | |
| 856 | 4 | 8 | |u https://e.lanbook.com/img/cover/book/215708.jpg |
| 953 | |a https://e.lanbook.com/img/cover/book/215708.jpg | ||